Llei de Pressupostos (21/1993) : Llei Financera (22/1993) : comptabilitat de recaptació : sessió de treball 20 gener de 1994 Llei Financera (22/1993) :
Descripción Física:
60 p. ; 30 cm
MARC
| LEADER | 00000nam a2200000Ia 4500 | ||
|---|---|---|---|
| 001 | 18539 | ||
| 008 | 160829s1994 xx 000 0 cat d | ||
| 080 | |a D-3-144 | ||
| 245 | |a Llei de Pressupostos (21/1993) : |b Llei Financera (22/1993) : |b comptabilitat de recaptació : |b sessió de treball 20 gener de 1994 | ||
| 260 | |a Barcelona : |b Diputació de Barcelona : |b Organisme Autònom Local de Gestió Tributària, |c 1994 | ||
| 300 | |a 60 p. ; |c 30 cm | ||
| 650 | 0 | |a Pressupost |z Espanya |x Dret i legislació |9 28902 | |
| 650 | |a Finances |x Legislació |x Espanya |9 44624 | ||
| 650 | |a Impostos |x Recaptació |x Comptabilitat |x Espanya |9 44625 | ||
| 710 | 1 | |a Barcelona (Catalunya : Província). |b Organisme Autònom Local de Gestió Tributària |9 53833 | |
| 710 | 1 | |a Barcelona (Catalunya : Província). |b Diputació |9 52408 | |
| 901 | |a Arxiu | ||
| 942 | |n 1 | ||
| 952 | |0 0 |1 0 |4 0 |6 D3144 |7 1 |9 52058 |a Arxiu |b Arxiu |d 2016-12-01 |l 0 |o D-3-144 |p 18539 |r 2016-12-01 00:00:00 |w 2016-12-01 |y ARXIU | ||
| 999 | |c 55906 |d 55906 | ||